[Event "ESP-ch U16 rapid"]
[Site "Salobrena"]
[Date "2023.07.30"]
[Round "5"]
[White "Casado Torres, Daniel"]
[Black "Hervada Serrano, Dario"]
[Result "0-1"]
[WhiteElo "1541"]
[BlackElo "1805"]
[PlyCount "74"]
[EventDate "2023.07.29"]
[EventType "swiss (rapid)"]
[EventRounds "9"]
[EventCountry "ESP"]
[SourceTitle "EXT 2024"]
[Source "ChessBase"]
[SourceDate "2023.10.10"]
[SourceVersion "1"]
[SourceVersionDate "2023.10.10"]
[SourceQuality "1"]

1. e4 c5 2. Nf3 g6 3. c3 Bg7 4. d4 cxd4 5. cxd4 d5 6. e5 Nc6 7. Bb5 Nh6 8. Nc3 Nf5 9. Be3 0-0 10. 0-0 a6 11. Bxc6 bxc6 12. Rc1 a5 13. Na4 Ba6 14. Re1 Bb5 15. Nc5 a4 16. Nd2 Qc8 17. Nb1 Ra7 18. Nc3 Qa8 19. Qd2 Nxe3 20. fxe3 f6 21. Ne6 Rf7 22. Nxg7 Kxg7 23. e6 Rf8 24. e4 Bc4 25. e5 Qc8 26. exf6+ Rxf6 27. Qe3 c5 28. dxc5 Ra6 29. Qd4 Qb7 30. Rc2 Kg8 31. Rf2 Raxe6 32. Rd1 Rxf2 33. Qxf2 Rf6 34. Qd2 Qc6 35. Qd4 Rf5 36. Re1 e5 37. Qh4 Qxc5+ 0-1

[Event "ESP-ch U14 Rapid"]
[Site "Salobrena"]
[Date "2022.07.23"]
[Round "4"]
[White "Centeno Mendoza, Julio Stefano"]
[Black "Hervada Serrano, Dario"]
[Result "1-0"]
[WhiteElo "1816"]
[BlackElo "1399"]
[PlyCount "79"]
[EventDate "2022.07.23"]
[EventType "swiss (rapid)"]
[EventRounds "9"]
[EventCountry "ESP"]
[SourceTitle "EXT 2023"]
[Source "ChessBase"]
[SourceDate "2022.10.05"]
[SourceVersion "1"]
[SourceVersionDate "2022.10.05"]
[SourceQuality "1"]

1. d4 Nf6 2. Nc3 g6 3. e4 Bg7 4. f4 d6 5. Nf3 0-0 6. Bd3 Nc6 7. Be3 Ng4 8. Bg1 e5 9. dxe5 dxe5 10. h3 Nh6 11. Be3 Be6 12. 0-0 exf4 13. Bxf4 Kh8 14. Qe1 Ng8 15. Qg3 Rc8 16. Rad1 Qe7 17. Nd5 Bxd5 18. exd5 Qc5+ 19. Kh1 Nb4 20. d6 Nd5 21. dxc7 Nxf4 22. Qxf4 Rxc7 23. c3 Nf6 24. Bc2 Re7 25. Rfe1 Nd5 26. Qg5 Rxe1+ 27. Nxe1 Qf2 28. Qxd5 Qf1+ 29. Kh2 Re8 30. Nf3 Qf2 31. Qd2 Qb6 32. Bb3 Qc7+ 33. Qd6 Qa5 34. Qd7 Rf8 35. Qxb7 Be5+ 36. Nxe5 Qxe5+ 37. Kh1 Re8 38. Qd5 Qe2 39. Qd2 Qe4 40. Qd4+ 1-0

[Event "ESP-ch U14"]
[Site "Salobrena"]
[Date "2022.07.20"]
[Round "5"]
[White "Pinyol I Llora, Julia"]
[Black "Hervada Serrano, Dario"]
[Result "0-1"]
[WhiteElo "1886"]
[BlackElo "1708"]
[PlyCount "124"]
[EventDate "2022.07.18"]
[EventType "swiss"]
[EventRounds "9"]
[EventCountry "ESP"]
[SourceTitle "EXT 2023"]
[Source "ChessBase"]
[SourceDate "2022.10.05"]
[SourceVersion "1"]
[SourceVersionDate "2022.10.05"]
[SourceQuality "1"]

1. d4 Nf6 2. Nf3 e6 3. c4 Nc6 4. g3 Bb4+ 5. Bd2 Bxd2+ 6. Nbxd2 0-0 7. Bg2 d6 8. 0-0 e5 9. dxe5 dxe5 10. Qc2 Bg4 11. e3 Qe7 12. a3 Rad8 13. b4 e4 14. Ng5 Be2 15. Ngxe4 Bd3 16. Nxf6+ Qxf6 17. Qa2 Bxf1 18. Rxf1 b6 19. Ne4 Qg6 20. Nc3 Qd3 21. Nb5 Ne5 22. Rc1 c6 23. Nd4 c5 24. Nb5 Rd7 25. Bh3 Re7 26. Bf1 Qg6 27. Bg2 Rd8 28. Nc3 Red7 29. Nd5 Ng4 30. b5 Qh6 31. h4 Rxd5 32. cxd5 Nxe3 33. Re1 Nf5 34. Qe2 g6 35. Qe5 Nd6 36. Qe7 Re8 37. Qxe8+ Nxe8 38. Rxe8+ Kg7 39. d6 Qd2 40. Rd8 c4 41. Rc8 Qxd6 42. Rxc4 Qxa3 43. Rf4 Qc5 44. Bc6 a6 45. Be8 axb5 46. Rxf7+ Kg8 47. Rf4 b4 48. Bf7+ Kg7 49. Kg2 Qc3 50. Rf3 Qxf3+ 51. Kxf3 Kxf7 52. Ke3 Ke6 53. Kd4 b5 54. g4 h5 55. gxh5 gxh5 56. Kd3 Kf5 57. Kc2 Kg4 58. Kb3 Kxh4 59. Kxb4 Kg4 60. Kxb5 h4 61. Kc4 Kf3 62. Kd4 h3 0-1

[Event "ESP-ch U12"]
[Site "Salobrena"]
[Date "2020.07.30"]
[Round "6"]
[White "Calvo Gonzalez, Jose Felix"]
[Black "Hervada Serrano, Dario"]
[Result "1-0"]
[WhiteElo "1762"]
[BlackElo "1140"]
[PlyCount "93"]
[EventDate "2020.07.27"]
[EventType "swiss"]
[EventRounds "9"]
[EventCountry "ESP"]
[SourceTitle "EXT 2021"]
[Source "ChessBase"]
[SourceDate "2020.10.23"]
[SourceVersion "1"]
[SourceVersionDate "2020.10.23"]
[SourceQuality "1"]

1. c4 e5 2. g3 Nf6 3. Bg2 Bc5 4. Nc3 c6 5. e3 d5 6. cxd5 Nxd5 7. Nxd5 cxd5 8. d4 exd4 9. exd4 Be7 10. Ne2 0-0 11. 0-0 Bg4 12. f3 Be6 13. Qb3 Qd7 14. Be3 Nc6 15. Nf4 Rac8 16. Rac1 Na5 17. Qd3 Bf5 18. Qe2 Rfe8 19. b3 Bf6 20. Qd2 Nc6 21. Bf2 g6 22. g4 Be6 23. Rfe1 Be7 24. Nd3 b6 25. Qf4 Bf8 26. h4 Qd6 27. h5 Qxf4 28. Nxf4 Bh6 29. Rxc6 Rxc6 30. Nxd5 Bg7 31. f4 Kf8 32. Nf6 Bxf6 33. Bxc6 Rc8 34. Bf3 Rc2 35. d5 Bd7 36. Re2 Rc3 37. Kg2 Bb5 38. Rd2 Bf1+ 39. Kg3 g5 40. d6 gxf4+ 41. Kxf4 Bg2 42. Bxg2 h6 43. d7 Bg5+ 44. Ke4 Bd8 45. Kf5 a5 46. Bd4 Rg3 47. Bf6 1-0